| 000 | 00649nam a2200229Ia 4500 | ||
|---|---|---|---|
| 001 | 3123 | ||
| 003 | GE_BSU | ||
| 008 | 181216s||||||||xx |||||||||||||| ||und|| | ||
| 020 | _a5279017116 | ||
| 040 | _cGE_BSU | ||
| 080 | _a33(03)(075.8) | ||
| 100 | _aБорисов, Е.Ф. А.А. петров. | ||
| 245 | _aЭкономика: Справочник. | ||
| 245 | _cРед. Л.В. Тимошенквоа. | ||
| 260 | _aМосква | ||
| 260 | _bФинанс и Статистиака | ||
| 260 | _c1997 | ||
| 300 | _a400Л. ил. 20 см. | ||
| 541 | _h10 Л. 50 Т. | ||
| 653 | _aЭкономика: Справочник. | ||
| 942 | _cBK | ||
| 999 |
_c37167 _d37167 |
||